| 000 | 00350nam a2200097Ia 4500 | ||
|---|---|---|---|
| 008 | 180130s9999 xx 000 0 und d | ||
| 245 |
_cRakison, David H. _aPerceptual categorization and concepts |
||
| 260 | _c2014 | ||
| 300 | _aBook title: Blackwell handbook of infant development--Acession number C19029; pages 245-272 | ||
| 650 | _aINFANTS--DEVELOPMENT | ||
| 999 |
_c354028 _d354028 |
||